| 000 | 00767nam a2200241Ia 4500 | ||
|---|---|---|---|
| 003 | GCL | ||
| 008 | 140319s9999 xx 000 0 ara d | ||
| 040 |
_aGCL / _cGCL |
||
| 082 | 0 | 4 |
_a808.82 _bى د |
| 100 | 1 | _aالبى , ادوارد | |
| 245 | 1 | 0 |
_aدراما اللامعقول / _cالبى , ادوارد |
| 700 | 1 | _aيونسكو، اوجين | |
| 700 | 1 | _aيونسكو | |
| 700 | 1 | _aاداموف | |
| 700 | 1 | _aفرناندو اربال | |
| 700 | 1 | _aصدقى عبدالله حطاب | |
| 700 | 1 | _aمحمد اسماعيل الموافى | |
| 300 | _a343 ص | ||
| 490 |
_aمن المسرح العالمى _v0 |
||
| 650 | 0 | 4 | _aالادب العالمى المترجم |
| 650 | 0 | 4 | _aالمسرحيات العالمية المترجمة |
| 942 |
_2ddc _cBK |
||
| 999 |
_c47433 _d47433 |
||